1243 1614 1592 1849 1408 1069 1393 1000 1750 1318 1541 1624 1331 1450 1197 1117 1945 1542 1365 1001 1613 1200 1018 1635 1865 1356 1473 1182 1087 1647 1034 1725 1495 1516 1658 1633 1588 1277 1033 1374 1864 1304 1710 1141 1118 1081 1553 1132 1072 1908 1166 1001 1374 1360 1190 1307 1463 1391 1096 1971 1321 1368 1858 1923 1149 1660 1371 1070 1940 1154 1163 1183 1071 1800 1107 1384 1822 1302 1253 1609 1055 1719 1931 1173 1218 1000 1789 1008 1759 1029 1579 1294 1164 1079 1822 1820 1958 1304 1327 BCNSPRNW ULIB Ver.6.0+V

เปลี่ยนเป็นภาษาไทย

Change to English
 แสดงรายละเอียดบรรณานุกรม
  กลับหน้าหลัก

Brief Record : Get Marc (ISO 2709) : E-mail record : QR code < ปิดหน้าต่าง
LEADER : 00000nam 2200000uu 4500
001    13399123201
003     ULIB
008    140704s2551 th a 000 0 tha d
020    9789748458250
090    นว.^bT111ห
100    Tajmahal
245    ห้ามไม่ทันดันรักเธอ /^cTajmahal
260    กรุงเทพฯ :^b1168Publishing,^c2551
300    233 หน้า
710    1168Publishing
945    ^p169^l0^i20337
999    ^aทศพร เกษรทอง
รายการนี้ยังไม่มีแท็ก
คุณยังไม่ได้ล็อกอิน คุณสามารถมีกิจกรรมร่วมกับเว็บไซต์ได้ แต่ต้องล็อกอินก่อน ::
  ล็อกอิน

รายการสื่อสารสนเทศ

ลำดับที่ ประเภท เลขเรียก/บาร์โค้ด สถานที่ สถานะ
1. นวนิยาย
นวนิยาย
นว. T111ห ฉ.1 
  Barcode: 20337
ห้องสมุดวิทยาเขตนครสวรรค์
►นวนิยาย:l:Fiction
บนชั้น
Note:บริจาค

BibComment


ยังไม่เคยถูกคอมเมนท์

คอมเมนท์ทรัพยากรรายการนี้
  คอมเมนท์: ห้ามไม่ทันดันรักเ..


 Copyright 2026. Bcnsprnw @Library